Los medios masivos como aliados en la lucha contra la explotación sexual comercial /

Kaydedildi:
Detaylı Bibliyografya
Yazar: Cheng Lo, Rosa
Materyal Türü: Metin
Konular:
Etiketler: Etiketle
Etiket eklenmemiş, İlk siz ekleyin!

MARC

LEADER 00000 a a2200000 04500
001 2205
003
040
100 |a Cheng Lo, Rosa  
245 |a Los medios masivos como aliados en la lucha contra la explotación sexual comercial /  |c Rosa Cheng Lo 
650 |a EXPLOTACION SEXUAL COMERCIAL  
650 |a MEDIOS DE COMUNICACION  
650 |a AMERICA CENTRAL  
650 |a EXPLOTACION SEXUAL COMERCIAL  
650 |a PUBLICACIONES  
773 |g número 6; páginas 8-11  
999 |c 25772  |d 25772